00454 2200157 4500001002100000005001500021035002000036245009900056100002000155300002500175260004000200082000800240084001400248020002200262990001200284INLIS00000000000186220250515102231 a0010-05250001541 aStep By Step Komplet :bMembuat Instalasi Akuaponik Portabel Hingga Memanen /cNofiandi Riawan0 aNofiandi Riawan a66 hlm ;c19 x 26 cm aJakarta :bAgromedia Pustaka,c2016 a600 a600 NOF s a978-979-006-581-9 a0754818